Music Quiz

Random Music or Billboard Quiz

Billboard #1 Albums (2011) Quiz Stats

 Plays Quiz not verified by Sporcle

Score 0/31 Timer 04:00
0 Plays Today
Artist Album % Correct
Adele21
72.7%
Taylor SwiftSpeak Now
45.5%
Lady GagaBorn This Way
27.3%
Nicki MinajPink Friday
18.2%
Chris BrownF.A.M.E.
18.2%
Jay-Z and Kanye WestWatch the Throne
18.2%
Drake Take Care
18.2%
The DecemberistsThe King is Dead
9.1%
Compliation albumNow 37
9.1%
Britney SpearsFemme Fatale
9.1%
Beyonce4
9.1%
Eric ChurchChief
9.1%
Lil WayneTha Carter IV
9.1%
EvanescenceEvanescence
9.1%
CakeShowroom of Compassion
0%
Amos LeeMission Bell
0%
Artist Album % Correct
Justin BieberNever Say Never - The Remixes
0%
Lupe FiascoLasers
0%
Foo FightersWasting Light
0%
Bad Meets EvilHell: The Sequel
0%
Jill ScottThe Light of the Sun
0%
Blake SheltonRed River Blue
0%
GameThe R.E.D. Album
0%
Lady AntebellumOwn the Night
0%
Tony BennettDuets II
0%
J. ColeCole World: The Sideline Story
0%
Scotty McCreeryClear as Day
0%
ColdplayMylo Xyloto
0%
Justin BieberUnder the Mistletoe
0%
Mac Miller Blue Slide Park
0%
Michael BubleChristmas
0%

You're not logged in!

Compare scores with friends on all Sporcle quizzes.
OR
Log In

Sporcle TV

Today on Sporcle TV


Watch our educational content, quiz creation guides, and fun videos on Sporcle TV.

Show Comments

Extras

Created Sep 1, 2017ReportNominate
Tags:Billboard Quiz, 2010s

Top Quizzes Today


Score Distribution

Your Account Isn't Verified!

In order to create a playlist on Sporcle, you need to verify the email address you used during registration. Go to your Sporcle Settings to finish the process.

Report this User

Report this user for behavior that violates our Community Guidelines.

Details: